000 00712nam a2200229Ia 4500
003 GCL
008 140319s9999 xx 000 0 ara d
040 _aGCL /
_cGCL
082 0 4 _a947.085
_bن ا
100 1 _aنبيل عمرو
245 1 0 _aالف يوم فى موسكو 1988 - 1993 /
_cنبيل عمرو
300 _a223 ص
490 _a
650 0 4 _aمنظمة التحرير الفلسطينية
650 0 4 _aالعلاقات الخارجية
650 0 4 _aحرب الخليج
650 0 4 _aجورباتشوف
650 0 4 _aروسيا - الاحوال السياسية
650 0 4 _aروسيا - تاريخ - العصر الحديث
650 0 4 _aموسكو - تاريخ
942 _2ddc
_cBK
999 _c46614
_d46614